1749 1245 1365 1693 1605 1124 1096 1785 1097 1721 1774 1799 1714 1569 1701 1755 1168 1180 1060 1278 1041 1817 1139 1898 1942 1143 1407 1066 1775 1345 1634 1926 1100 1336 1981 1827 1017 1159 1244 1393 1675 1902 1479 1204 1603 1729 1649 1039 1762 1911 1992 1763 1380 1165 1980 1811 1095 1737 1681 1828 1490 1520 1211 1889 1936 1715 1536 1936 1400 1540 1660 1033 1062 1329 1712 1026 1714 1341 1106 1898 1028 1970 1090 1479 1005 1870 1368 1420 1675 1173 1907 1589 1746 1545 1159 1895 1056 1752 1769 BCNSPRNW ULIB Ver.6.0+V

เปลี่ยนเป็นภาษาไทย

Change to English
 แสดงรายละเอียดบรรณานุกรม
  กลับหน้าหลัก

Brief Record : Get Marc (ISO 2709) : E-mail record : QR code < ปิดหน้าต่าง
LEADER : 00000nam 2200000uu 4500
001    13399121339
003     ULIB
008    121115s2548||||th 000 0 tha d
099    วจ.WY18^bป443ก
100 0  ปราจิณ คำบุญ และคนอื่นๆ
245 00 การศึกษารูปแบบการเตรียมความพร้อมก่อนสอบความรู้ผุ้ขอขึ้นทะเบียนและรับใบเป็นผู้ประกอบวิชาการพยาบาลและการผดุงครรภ์ของวิทยาลัยพยาบาล สังกัดสถาบันพระบรมราชชนก กระทรวงสาธารณสุข/^cปราจิณ คำบุญ และคนอื่นๆ
260    นครสวรรค์:^bวิทยาลัยพยาบาลบรมราชชนนี สวรรค์ประชารักษ์ นครสวรรค์,^c2548
300    59 แผ่น
945    ^p0^l0^i033085
995    เกษร
999    ^aใช้งานได้ทุกระบบ
รายการนี้ยังไม่มีแท็ก
คุณยังไม่ได้ล็อกอิน คุณสามารถมีกิจกรรมร่วมกับเว็บไซต์ได้ แต่ต้องล็อกอินก่อน ::
  ล็อกอิน

รายการสื่อสารสนเทศ

ลำดับที่ ประเภท เลขเรียก/บาร์โค้ด สถานที่ สถานะ
1. งานวิจัย
งานวิจัย
วจ.WY18 ป443ก  
  Barcode: 033085
ห้องสมุดวิทยาเขตสวรรค์ประชารักษ์
►วิจัย
บนชั้น

BibComment


ยังไม่เคยถูกคอมเมนท์

คอมเมนท์ทรัพยากรรายการนี้
  คอมเมนท์: การศึกษารูปแบบการ..


 Copyright 2026. Bcnsprnw @Library